000 01815nam0a2200337 4500
001 RU\NLR\bibl\871166
005 20260408155728.0
010 _a5-86849-021-5
_92000
021 _aRU
_b2005-65050
_93200
035 _a(NLR Aleph) 000859784
090 _a1532550
_c1532550
100 _a20051114d2005 |||y0rusy50 ca
101 0 _arus
102 _aRU
105 _aa |||||||||
200 1 _aСолдаты Победы
_eРоссийская Федерация, Омская область
_eприложение
_g[рук. проекта А.В. Артемов]
210 _aОмск
_cОмский Дом печати
_d2005
215 _a94,[1] с., [4] л. цв. ил.
_cил., портр.
_d27
300 _aНа тит. л.: Издается в ознаменование 60-летия Победы над Японией и окончания Второй мировой войны
300 _aКн. издана на средства Правительства Омс. обл.
606 _aВеликая Отечественная война
_jКниги памяти
_xБоевые потери в людском составе
_yОмская область
_z1941 - 1945
_92176439
_3RU\NLR\auth\661309025
606 0 _aВеликая Отечественная война
_jКниги памяти
_xЛюдские потери
_yОмская область
_z1941 - 1945
_92188014
_3RU\NLR\auth\661315435
606 _aВеликая Отечественная война
_jКниги памяти
_yОмская область
_z1941 - 1945
_91218004
_3RU\NLR\auth\66176986
686 _aТ3(2)722.78
686 _aЦ35(2)722-81(2Р-4Ом)
702 1 _aАртемов
_bА. В.
_4570
801 0 _aRU
_bNLR
_c20051114
_grcr
801 1 _aRU
_bNLR
_c20051114
942 _cBOOK
980 _aNB